Country Quiz: Bahamas 🇧🇸 - Statistics

General Stats
  • This quiz has been taken 26 times
  • The average score is 13 of 29
Answer Stats
Hint Answer % Correct
Main Religion Christianity
90%
Language English
90%
Currency Dollar
85%
Capital Nassau
85%
Nationality Bahamian
75%
Time zones 1 (UTC-5)
70%
Bordering Oceans Atlantic ocean
70%
Between 1782-83, this country had taken Bahamas, but would go onto cede Bahamas for a piece of Florida instead Spain
70%
This European country first arrived and settled in 1647, and between 1783-1970s, colonised Bahamas United Kingdom
70%
Despite popular assumptions, Bahamas doesn't actually border this sea (although it's politically affiliated with the region) Caribbean sea
65%
Climate Tropical
65%
One of few countries to use this temperature system Fahrenheit
60%
In 1776, this country briefly occupied Bahamas during their own domestic revolution United States
60%
Independence 1973
55%
1/55 Countries to Retain this Controversial type of penalty Death Penalty
50%
During the 17-18th century, Bahamas was a safe haven for these types of criminals Pirates
45%
Main Economic Sector Tertiary / Service
45%
National Animal Flamingo
30%
A very famous beach where you can find this unexpected animal Pig
30%
State-Condition Monarchy
25%
National Dish Conch
20%
Second-Largest City Lucaya
15%
Founding Father and Most Famous Leader Lynden Pindling
15%
National Sport Sailing
15%
Unitary
15%
1942, Christopher Columbus makes his first stop in the New World, when he makes shore on this island belonging to Bahamas San Salvador
10%
Type of Government Constitutional
0%
Leader (1992-2002 and 2007-12) Hubert Ingraham
0%
When this explorer first arrived, these type of indians already inhabited the islands of Bahamas Lucayan Indians
0%
No matching quizzes found
Score Distribution
Percent of People with Each Score
Percentile by Number Answered
Your Score History
You have not taken this quiz